000 00405nmm a2200145Ia 4500
008 251105s9999||||xx |||||||||||||||||und||
041 _aspa
100 _aMornet, Mara
245 0 _aPalabra de meiga
264 _a[Madrid, España] :
_bLos libros del Cristal,
_c2016
300 _a279 páginas
650 _aSpanish narrative
856 _uhttps://public.digitaliapublishing.com/a/88123
942 _cCF
999 _c105877
_d105877